|
|
|
|
| LEADER |
01905nam a22003975a 4500 |
| 001 |
28902 |
| 003 |
BD-DhAAL |
| 005 |
20150214162107.0 |
| 008 |
150214s2007 enka 000 0 eng |
| 010 |
|
|
|a 2011453242
|
| 020 |
|
|
|a 9780194579032 (pbk : with multiRom)
|
| 020 |
|
|
|a 0194579034 (pbk : with multiRom)
|
| 020 |
|
|
|a 9780194579056 (multiROM)
|
| 020 |
|
|
|a 0194579050 (multiROM)
|
| 020 |
|
|
|a 9780194579049
|
| 020 |
|
|
|a 0194579042
|
| 040 |
|
|
|a DLC
|c DLC
|d DLC
|d BD-DhAAL
|
| 050 |
0 |
0 |
|a PE1115
|b .P54 2007
|
| 082 |
0 |
0 |
|a 428.2/0246583
|2 23
|
| 100 |
1 |
|
|a Pledger, Pat.
|9 8364
|
| 245 |
1 |
0 |
|a English for human resources /
|c Pat Pledger.
|
| 260 |
|
|
|a Oxford :
|a New York :
|b Oxford University Press,
|c 2007.
|
| 300 |
|
|
|a 80 p. :
|b col. ill. ;
|c 26 cm. +
|e 1 CD_ROM (4 3/4 in.)
|
| 490 |
0 |
|
|a Oxford Business English
|
| 490 |
0 |
|
|a Express series
|
| 538 |
|
|
|a System requirements for CD-ROM: Windows 2000/XP running Internet Explorer 5.5 or similar web browser with the latest Flash plugin ; Mac OS X running Safari or similar web browser with the latest Flash plugin.
|
| 541 |
|
|
|e 28902
|
| 650 |
|
0 |
|a English language
|x Business English
|v Textbooks for foreign speakers.
|9 8365
|
| 650 |
|
0 |
|a English language
|x Business English
|v Problems, exercises, etc.
|9 8366
|
| 650 |
|
0 |
|a English language
|x Business English
|x Study and teaching
|x Foreign speakers.
|9 8367
|
| 650 |
|
0 |
|a English language
|v Sound recordings for foreign speakers.
|9 8368
|
| 650 |
|
0 |
|a Personnel management.
|9 8369
|
| 942 |
|
|
|2 ddc
|c BK
|
| 999 |
|
|
|c 33687
|d 33687
|
| 952 |
|
|
|0 0
|1 0
|2 ddc
|4 0
|6 428_202465830000000_PLE
|7 0
|9 52621
|a BRACUL
|b BRACUL
|c GEN
|d 2015-02-14
|e ELT Book Shop
|g 1300.00
|l 2
|m 1
|o 428.20246583 PLE
|p 3010028902
|r 2016-05-05
|s 2016-02-25
|t 1
|w 2015-02-14
|y BK
|
| 952 |
|
|
|0 0
|1 0
|2 ddc
|4 0
|6 428_202465830000000_PLE
|7 0
|9 52622
|a BRACUL
|b BRACUL
|c REF
|d 2015-02-14
|e ELT Book Shop
|g 1300.00
|l 0
|o 428.20246583 PLE
|p 4010028902
|r 2015-02-14
|t 1
|w 2015-02-14
|y AV
|